000 00699nam a2200193 a 4500
001 000020791
005 20200930011148.0
008 100817s1975 ho a r 000 0 spa d
040 _aDO-SdBNP
_bspa
_cBPJMB
082 _a510.0712
_bM425d
245 0 0 _aMatemática 2 :
_bguía para el maestro /
_cEustogio Zevallos Mojica ...[et al] ; edición Óscar Velásquez.
250 _a2a ed.
260 _aRepública de Honduras :
_bMinisterio de Educación Pública,
_c1975.
300 _a173 p. :
_bil. ;
_c26 cm.
650 4 _aMatemática
_xEnseñanza
_930652
650 4 _aMatemáticas
_xEnseñanza media
_943570
700 1 _aVelásquez, Óscar,
_eed.
_943571
700 1 _aZevallos Mojica, Eustorgio.
_943572
999 _c20295
_d20295